<?xml version="1.0" encoding="UTF-8"?>
<record
    xmlns:xsi="http://www.w3.org/2001/XMLSchema-instance"
    xsi:schemaLocation="http://www.loc.gov/MARC21/slim http://www.loc.gov/standards/marcxml/schema/MARC21slim.xsd"
    xmlns="http://www.loc.gov/MARC21/slim">

  <leader>04842nab a2200373 i 4500</leader>
  <controlfield tag="003">BR-BrBNA</controlfield>
  <controlfield tag="005">20250728183544.0</controlfield>
  <controlfield tag="008">250728b2023    bl.mr|pooa||| 00| 0 eng |</controlfield>
  <datafield tag="040" ind1=" " ind2=" ">
    <subfield code="a">BR-BrBNA</subfield>
    <subfield code="b">eng</subfield>
  </datafield>
  <datafield tag="072" ind1=" " ind2=" ">
    <subfield code="a">F01</subfield>
    <subfield code="b">1660</subfield>
  </datafield>
  <datafield tag="072" ind1=" " ind2=" ">
    <subfield code="a">F61</subfield>
    <subfield code="b">1690</subfield>
  </datafield>
  <datafield tag="100" ind1=" " ind2=" ">
    <subfield code="a">Oliveira, Carlos E. da S. </subfield>
  </datafield>
  <datafield tag="100" ind1=" " ind2=" ">
    <subfield code="a">Gato, Isabela M. B. </subfield>
  </datafield>
  <datafield tag="100" ind1=" " ind2=" ">
    <subfield code="a">Moreira, Vitoria de A. </subfield>
  </datafield>
  <datafield tag="100" ind1=" " ind2=" ">
    <subfield code="a">Jalal, Arshad </subfield>
  </datafield>
  <datafield tag="100" ind1=" " ind2=" ">
    <subfield code="a">Oliveira, Thaissa J. S. S. </subfield>
  </datafield>
  <datafield tag="100" ind1=" " ind2=" ">
    <subfield code="a">Oliveira, Julia R. </subfield>
  </datafield>
  <datafield tag="100" ind1=" " ind2=" ">
    <subfield code="a">Fernandes, Guilherme C. </subfield>
  </datafield>
  <datafield tag="100" ind1=" " ind2=" ">
    <subfield code="a">Teixeira Filho, Marcelo C. M. </subfield>
  </datafield>
  <datafield tag="245" ind1=" " ind2=" ">
    <subfield code="a">Inoculation methods of Azospirillum brasilense in lettuce and arugula in the hydroponic system</subfield>
  </datafield>
  <datafield tag="500" ind1=" " ind2=" ">
    <subfield code="a">Publica&#xE7;&#xE3;o on-line; 24 ref.; 7 illus; 4 tables; Sumaries (En, Pt)</subfield>
  </datafield>
  <datafield tag="520" ind1=" " ind2=" ">
    <subfield code="a">

ABSTRACT: Lettuce and arugula are the most cultivated leafy vegetables in hydroponic systems in the world, and the little information about Azospirillum brasilense effects in research in this system makes it necessary to verify the best method of inoculation of these bacteria. Therefore, this study aimed to verify the beneficial effects of inoculation methods of A. brasilense on plant growth and nutrition of lettuce and arugula grown in the hydroponic system. The study was conducted in a greenhouse with 30% shading. A randomized block design with five replicates in a 4 &#xD7; 2 factorial scheme was used. Four A. brasilense inoculation methods (non-inoculated, foliar application, nutrient solution, and nutrient solution + foliar application) and two leafy vegetable species - arugula and lettuce - were evaluated. All inoculation methods improved plant height, shoot fresh and dry mass, root fresh and dry mass, fresh leaf yield, leaf chlorophyll index, accumulation of nitrogen, potassium, calcium, sulfur, phosphorus, iron, manganese, and copper and reduced nitrate accumulation in shoot and root of arugula and lettuce. Inoculation via nutrient solution + foliar application of A. brasilense is the most suitable for hydroponic arugula cultivation because it provides greater fresh leaf yield. All inoculation methods increased leaf yield in hydroponic lettuce. Hydroponic arugula and lettuce plants showed greater accumulation of nutrients and plant growth with less nitrate accumulation in the shoot under inoculation with A. brasilense.

Key words: Lactuca sativa, Eruca sativa, growth-promoting bacteria, reduction of nitrate accumulation</subfield>
  </datafield>
  <datafield tag="520" ind1=" " ind2=" ">
    <subfield code="a">

RESUMO: A alface e a r&#xFA;cula s&#xE3;o as hortali&#xE7;as folhosas mais cultivadas em sistemas hidrop&#xF4;nicos no mundo, e as poucas informa&#xE7;&#xF5;es sobre os efeitos do Azospirillum brasilense em pesquisas neste sistema torna-se necess&#xE1;rio verificar o melhor m&#xE9;todo de inocula&#xE7;&#xE3;o dessas bact&#xE9;rias. Portanto, o objetivo deste estudo foi verificar os efeitos ben&#xE9;ficos de m&#xE9;todos de inocula&#xE7;&#xE3;o de A. brasilense em alface e r&#xFA;cula no crescimento e nutri&#xE7;&#xE3;o das plantas em sistema hidrop&#xF4;nico. O estudo foi conduzido em casa de vegeta&#xE7;&#xE3;o com 30% de sombreamento. Foi usado o delineamento em blocos ao acaso com 5 repeti&#xE7;&#xF5;es em esquema fatorial 4 &#xD7; 2, com quatro m&#xE9;todos de inocula&#xE7;&#xE3;o de A. brasilense (n&#xE3;o inoculado, foliar, solu&#xE7;&#xE3;o nutritiva e solu&#xE7;&#xE3;o nutritiva + inocula&#xE7;&#xE3;o foliar) e o segundo fator foi a aplica&#xE7;&#xE3;o em r&#xFA;cula e alface. Todos os m&#xE9;todos de inocula&#xE7;&#xE3;o melhoraram a altura da planta, massa fresca e seca da parte a&#xE9;rea, massa fresca e seca da raiz, rendimento da planta, &#xED;ndice de clorofila foliar, ac&#xFA;mulo de nitrog&#xEA;nio, pot&#xE1;ssio, c&#xE1;lcio, enxofre, f&#xF3;sforo, ferro, mangan&#xEA;s, cobre e redu&#xE7;&#xE3;o do ac&#xFA;mulo de nitrato na parte a&#xE9;rea e ra&#xED;zes de r&#xFA;cula e alface. A inocula&#xE7;&#xE3;o via solu&#xE7;&#xE3;o nutriente + inocula&#xE7;&#xE3;o foliar de A. brasilense &#xE9; a mais indicada para o cultivo hidrop&#xF4;nico de r&#xFA;cula, pois proporciona maior rendimento de folhas, e todos os m&#xE9;todos de inocula&#xE7;&#xE3;o foram capazes de aumentar o rendimento de folhas em alface hidrop&#xF4;nica.  Plantas hidrop&#xF4;nicas de r&#xFA;cula e alface apresentaram maior ac&#xFA;mulo de nutrientes e crescimento das plantas com menor ac&#xFA;mulo de nitrato na parte a&#xE9;rea sob inocula&#xE7;&#xE3;o com A. brasilense.

Palavras-chave: Lactuca sativa, Eruca sativa, bact&#xE9;rias promotoras de crescimento, redu&#xE7;&#xE3;o do ac&#xFA;mulo de nitrato</subfield>
  </datafield>
  <datafield tag="650" ind1=" " ind2=" ">
    <subfield code="a">ALFACE</subfield>
  </datafield>
  <datafield tag="650" ind1=" " ind2=" ">
    <subfield code="a">R&#xDA;CULA</subfield>
  </datafield>
  <datafield tag="650" ind1=" " ind2=" ">
    <subfield code="a">CRESCIMENTO</subfield>
  </datafield>
  <datafield tag="650" ind1=" " ind2=" ">
    <subfield code="a">INOCULA&#xC7;&#xC3;O</subfield>
  </datafield>
  <datafield tag="650" ind1=" " ind2=" ">
    <subfield code="a">CULTIVO HIDROP&#xD4;NICO</subfield>
  </datafield>
  <datafield tag="650" ind1=" " ind2=" ">
    <subfield code="a">NUTRI&#xC7;&#xC3;O VEGETAL</subfield>
  </datafield>
  <datafield tag="773" ind1="0" ind2=" ">
    <subfield code="0">3534</subfield>
    <subfield code="9">317837</subfield>
    <subfield code="d">Campina Grande-PB Universidade Federal de Campina Grande. Centro de Ci&#xEA;ncias e Tecnologia 1997</subfield>
    <subfield code="o">2024-4556</subfield>
    <subfield code="t">Revista Brasileira de Engenharia Agr&#xED;cola e Ambiental (Brazil)</subfield>
    <subfield code="x">1415-4366</subfield>
    <subfield code="g">v. 27 (9) p. 653-662; (2023)</subfield>
    <subfield code="w">BR2025003436</subfield>
  </datafield>
  <datafield tag="856" ind1=" " ind2=" ">
    <subfield code="u">https://www.scielo.br/j/rbeaa/a/sDP9RxsdsZnGdN9Y4jSJMGw/?format=pdf&amp;lang=en</subfield>
  </datafield>
  <datafield tag="942" ind1=" " ind2=" ">
    <subfield code="c">ANA</subfield>
  </datafield>
  <datafield tag="999" ind1=" " ind2=" ">
    <subfield code="c">337342</subfield>
    <subfield code="d">337342</subfield>
  </datafield>
</record>
